| 000 | 01007nam a2200289 i 4500 | ||
|---|---|---|---|
| 001 | 000027615 | ||
| 003 | DO-SdBNP | ||
| 005 | 20250314135209.0 | ||
| 007 | ta | ||
| 008 | 110201s1968 dr r 000 0 spa d | ||
| 040 |
_aDO-SdBNP _bspa _cBNPHU _erda |
||
| 082 | 4 |
_a320.4 _bB496m, 1968 _222 |
|
| 100 | 1 |
_aBergés Bordas, Domingo Octavio, _92551 _eautor |
|
| 245 | 1 | 0 |
_aManual del ciudadano en los países libres : _blecciones de civismo y moral ciudadana / _cDomingo Octavio Bergés Bordas. |
| 250 | _a5a. ed. | ||
| 264 | 1 |
_aSanto Domingo : _bDel Caribe, _c1968. |
|
| 300 |
_a173 páginas ; _c22 cm. |
||
| 336 |
_2rdacontent _atexto _btxt |
||
| 337 |
_2rdamedia _asin mediación _bn |
||
| 338 |
_2rdacarrier _avolumen _bnc |
||
| 590 | _aInventariado, 2023/MFF | ||
| 650 | 4 |
_aEducación cívica _zRepública Dominicana _977502 |
|
| 650 | 0 |
_aCiencia política _95772 |
|
| 651 | 4 |
_aRepública Dominicana _xPolítica y gobierno _y1961- _9204 |
|
| 910 | _aValidado. Control de calidad MFF | ||
| 942 |
_2ddc _cLBS1 |
||
| 999 |
_c27107 _d27107 |
||